000 00893nam a2200217Ia 4500
999 _c40095
_d40095
001 6701
003 GE_BSU
005 20191226114223.0
008 181216s1964||||ge |||||||||||||| ||ge ||
040 _cGE_BSU
041 _ageo
080 _a821.353.1-32 გ-44
100 _aგვაზავა-სანაძე, ლამარა.
_94039
245 _aმე არ ვიყავი დამნაშავე :
_bმოთხრობები /
_cლამარა გვაზავა-სანაძე ; რედ. ს. ჭილაია.
264 _aთბილისი :
_bნაკადული,
_c1964.
300 _a168 გვ. ;
_c17 სმ.
653 _aმე არ ვიყავი დამნაშავე
653 _aმოთხრობები
700 _aჭილაია, ს.
_eრედაქტორი
_94657
942 _cBK
_2udc